[Event "Montreal Winter"]
[Site "Montreal"]
[Date "2020.03.06"]
[Round "9"]
[White "Liang, Jason"]
[Black "Ragnarsson, Dagur"]
[Result "0-1"]
[WhiteElo "2288"]
[BlackElo "2400"]
[PlyCount "238"]
[EventDate "2020.03.02"]
[EventType "tourn"]
[EventRounds "9"]
[EventCountry "CAN"]
[EventCategory "2"]
[SourceTitle "CBM 195 Extra"]
[Source "ChessBase"]
[SourceDate "2020.05.31"]
[SourceVersion "1"]
[SourceVersionDate "2020.05.31"]
[SourceQuality "1"]

1. e4 e6 2. d4 d5 3. Nc3 Nf6 4. e5 Nfd7 5. f4 c5 6. Nf3 Nc6 7. Be3 Be7 8. Qd2 0-0 9. Be2 b6 10. 0-0 f5 11. Rad1 Bb7 12. dxc5 Nxc5 13. Nb5 Ne4 14. Qc1 a6 15. Nbd4 Nxd4 16. Bxd4 b5 17. a3 Qd7 18. b4 a5 19. c3 Rfc8 20. Qb2 Qc6 21. Rc1 Qa6 22. Ra1 Qc6 23. Rfc1 h6 24. Bd3 g5 25. Rab1 g4 26. Ne1 a4 27. Qe2 Ba6 28. Qe3 Kf7 29. Be2 Rh8 30. Nd3 Bc8 31. Rc2 h5 32. Qc1 Rb8 33. Qf1 Bd7 34. Nc1 h4 35. Bd3 h3 36. g3 Rbc8 37. Ne2 Bd8 38. Rbc1 Bb6 39. Kh1 Rc7 40. Qg1 Rb8 41. Qe3 Qb7 42. Kg1 Rc4 43. Bxb6 Qxb6 44. Qxb6 Rxb6 45. Bxc4 bxc4 46. Nd4 Bb5 47. Kf1 Ke7 48. Ke2 Kd7 49. Rb1 Kc7 50. Ke3 Kd7 51. Rd1 Rb8 52. Rcc1 Rb6 53. Re1 Ke7 54. Ne2 Kd7 55. Rcd1 Rb8 56. Rf1 Kc7 57. Rc1 Bd7 58. Nd4 Kb6 59. Rc2 Rh8 60. Re1 Rf8 61. Ne2 Rh8 62. Rf1 Bc6 63. Kd4 Kb5 64. Nc1 Rd8 65. Ne2 Kb6 66. Rb2 Kb5 67. Ke3 Bd7 68. Rd1 Kb6 69. Rd4 Bc6 70. Rb1 Rd7 71. Rbd1 Bb5 72. Rxe4 dxe4 73. Rd6+ Rxd6 74. exd6 Bc6 75. Kd4 Bd5 76. Ke5 Kc6 77. Nd4+ Kd7 78. Nc2 Bc6 79. Ne3 Bb5 80. Nd1 Ba6 81. Ne3 Bb5 82. Nc2 Ba6 83. Nd4 e3 84. Ne2 Bb7 85. b5 Bd5 86. b6 Bf3 87. Nc1 Bb7 88. Kd4 Kxd6 89. Kxe3 Kc5 90. Ne2 Bc8 91. Nc1 Bb7 92. Na2 Bc8 93. Nb4 Bb7 94. Nc2 Bc8 95. Kd2 Kxb6 96. Ne3 Kc5 97. Nd1 Bb7 98. Ke3 Be4 99. Kf2 Bc2 100. Ne3 Bd3 101. Nd1 Kd5 102. Ke3 Bc2 103. Nf2 Bb3 104. Kd2 Ba2 105. Ke3 Bb1 106. Kd2 e5 107. Ke3 Bc2 108. Kd2 exf4 109. Kxc2 fxg3 110. hxg3 f4 111. gxf4 h2 112. Nh1 Ke4 113. Kd2 Kxf4 114. Ke2 g3 115. Kf1 Kf3 116. Nf2 g2+ 117. Ke1 g1Q+ 118. Kd2 Qxf2+ 119. Kc1 h1R# 0-1